| 000 -LEADER |
| fixed length control field |
00916nam a2200229Ia 4500 |
| 001 - CONTROL NUMBER |
| control field |
13311 |
| 003 - CONTROL NUMBER IDENTIFIER |
| control field |
GE_BSU |
| 008 - FIXED-LENGTH DATA ELEMENTS--GENERAL INFORMATION |
| fixed length control field |
181216s||||||||xx |||||||||||||| ||und|| |
| 020 ## - INTERNATIONAL STANDARD BOOK NUMBER |
| International Standard Book Number |
5930934118 |
| 040 ## - CATALOGING SOURCE |
| Transcribing agency |
GE_BSU |
| 080 ## - UNIVERSAL DECIMAL CLASSIFICATION NUMBER |
| Universal Decimal Classification number |
628.1 |
| 245 ## - TITLE STATEMENT |
| Title |
Учебное пособие для студентов заочного отделения факультета ,,Водоснабжение и водоотведение,, |
| 245 ## - TITLE STATEMENT |
| Remainder of title |
4 курс 7 семестр |
| 245 ## - TITLE STATEMENT |
| Statement of responsibility, etc. |
Под.общ.ред.Ю.В.Ворогова и А.Л.Ивчатова |
| 260 ## - PUBLICATION, DISTRIBUTION, ETC. |
| Place of publication, distribution, etc. |
Москва |
| 260 ## - PUBLICATION, DISTRIBUTION, ETC. |
| Name of publisher, distributor, etc. |
Изд-во ассоц.строит. вузов |
| 260 ## - PUBLICATION, DISTRIBUTION, ETC. |
| Date of publication, distribution, etc. |
2006 |
| 300 ## - PHYSICAL DESCRIPTION |
| Extent |
447стр.21см. |
| 653 ## - INDEX TERM--UNCONTROLLED |
| Uncontrolled term |
Учебное пособие для студентов заочного отделения факультета ,,Водоснабжение и водоотведение,, |
| 942 ## - ADDED ENTRY ELEMENTS (KOHA) |
| Koha item type |
წიგნი |